000 00519nam a2200217Ia 4500
003 OSt
005 20220924142031.0
006 a|||||r|||| 00| 0
007 ta
008 220923b |||||||| |||| 00| 0 ben d
024 _a300205
037 _cTextual
040 _aARTS
_cARTS
_bben
041 _2ben
_aben
082 _aV2:19041:N3, 157L0
245 0 _aFere nai sudhu ekjan
260 _c1970
650 _aHISTORY
942 _hV2:19041:N3, 157L0
_cTEXL
_2CC
999 _c449100
_d449100